[Event "New York Spring IM-C"]
[Site "New York"]
[Date "2023.04.08"]
[Round "7"]
[White "Quesada Vera, Liordis"]
[Black "Jimenez Fraga, Pedro Alejandro"]
[Result "1/2-1/2"]
[WhiteElo "2322"]
[BlackElo "2463"]
[PlyCount "20"]
[EventDate "2023.04.05"]
[EventType "tourn"]
[EventRounds "9"]
[EventCountry "USA"]
[SourceTitle "CBM 213 Extra"]
[Source "ChessBase"]
[SourceDate "2023.05.31"]
[SourceVersion "1"]
[SourceVersionDate "2023.05.31"]
[SourceQuality "1"]

1. e4 e5 2. Nf3 Nc6 3. Bb5 a6 4. Bxc6 dxc6 5. d4 exd4 6. Qxd4 Qxd4 7. Nxd4 c5 8. Ne2 Ne7 9. Bf4 c6 10. Nd2 Ng6 1/2-1/2

[Event "New York Spring IM-C"]
[Site "New York"]
[Date "2023.04.07"]
[Round "5"]
[White "Jimenez Fraga, Pedro Alejandro"]
[Black "Mou, Iris Zhaoying"]
[Result "0-1"]
[WhiteElo "2463"]
[BlackElo "2002"]
[PlyCount "64"]
[EventDate "2023.04.05"]
[EventType "tourn"]
[EventRounds "9"]
[EventCountry "USA"]
[SourceTitle "CBM 213 Extra"]
[Source "ChessBase"]
[SourceDate "2023.05.31"]
[SourceVersion "1"]
[SourceVersionDate "2023.05.31"]
[SourceQuality "1"]

1. e4 c6 2. d4 d5 3. e5 c5 4. dxc5 e6 5. a3 Bxc5 6. b4 Be7 7. Qg4 g6 8. Bd3 a5 9. b5 Nd7 10. Nf3 h5 11. Qf4 Nh6 12. h3 Qc7 13. Bb2 b6 14. Nbd2 Bb7 15. Nb3 0-0-0 16. 0-0 Rdg8 17. Ng5 a4 18. Nd2 Nc5 19. Qe3 d4 20. Qf4 f6 21. Nge4 g5 22. Qh2 fxe5 23. Rfe1 g4 24. h4 g3 25. fxg3 Ng4 26. Qh1 Kb8 27. Rac1 Bf8 28. Nf3 Nxe4 29. Bxe4 Bxe4 30. Rxe4 Bh6 31. Ng5 Bxg5 32. hxg5 Qc5 0-1

[Event "New York Fall GM-A"]
[Site "Long Island City"]
[Date "2022.11.13"]
[Round "9"]
[White "Stremavicius, Titas"]
[Black "Jimenez Fraga, Pedro Alejandro"]
[Result "1-0"]
[WhiteElo "2527"]
[BlackElo "2477"]
[PlyCount "87"]
[EventDate "2022.11.09"]
[EventType "tourn"]
[EventRounds "9"]
[EventCountry "USA"]
[SourceTitle "CBM 211 Extra"]
[Source "ChessBase"]
[SourceDate "2023.01.31"]
[SourceVersion "1"]
[SourceVersionDate "2023.01.31"]
[SourceQuality "1"]

1. c4 Nf6 2. Nc3 e5 3. Nf3 d6 4. d4 Nbd7 5. e4 g6 6. Be2 Bg7 7. 0-0 0-0 8. Be3 Re8 9. dxe5 dxe5 10. b4 c6 11. c5 Qe7 12. Nd2 Nf8 13. Nc4 Rd8 14. Nd6 Ne8 15. Nxc8 Rdxc8 16. Bc4 Nc7 17. Qb3 Nfe6 18. Ne2 Rd8 19. Rad1 Bf6 20. f3 Kg7 21. g3 h5 22. f4 h4 23. f5 Rxd1 24. Rxd1 Nf8 25. Kg2 Ne8 26. Ng1 Nh7 27. Nh3 Rc8 28. g4 Rc7 29. Qc3 g5 30. Ng1 Rd7 31. Rd3 Qd8 32. Nf3 Rxd3 33. Qxd3 Qc7 34. Qd2 Qe7 35. h3 Kf8 36. b5 cxb5 37. Bxb5 Qc7 38. Qd7 Qxd7 39. Bxd7 Be7 40. Bc8 b6 41. Nxe5 bxc5 42. Nd7+ Kg7 43. Nxc5 Nc7 44. a4 1-0

[Event "New York Fall GM-A"]
[Site "Long Island City"]
[Date "2022.11.10"]
[Round "2"]
[White "Jimenez Fraga, Pedro Alejandro"]
[Black "Kevlishvili, Robby"]
[Result "1/2-1/2"]
[WhiteElo "2477"]
[BlackElo "2536"]
[PlyCount "62"]
[EventDate "2022.11.09"]
[EventType "tourn"]
[EventRounds "9"]
[EventCountry "USA"]
[SourceTitle "CBM 211 Extra"]
[Source "ChessBase"]
[SourceDate "2023.01.31"]
[SourceVersion "1"]
[SourceVersionDate "2023.01.31"]
[SourceQuality "1"]

1. Nf3 d5 2. g3 Bg4 3. Bg2 Nd7 4. c4 e6 5. d3 c6 6. Nbd2 Ngf6 7. b3 Bd6 8. Bb2 0-0 9. h3 Bh5 10. 0-0 Re8 11. Re1 e5 12. Nh4 Bf8 13. Qc2 a5 14. a3 b5 15. Rac1 b4 16. a4 Ra6 17. cxd5 cxd5 18. Qc7 Qa8 19. Qc2 Bc5 20. e3 Bf8 21. g4 Bg6 22. Nxg6 hxg6 23. g5 Nh7 24. h4 Bd6 25. Qd1 Nhf8 26. Qg4 Nc5 27. Bf1 Ra7 28. d4 exd4 29. Bxd4 Rc7 30. Bxc5 Bxc5 31. Bg2 Rd8 1/2-1/2

[Event "New York Fall GM-A"]
[Site "Long Island City"]
[Date "2022.11.10"]
[Round "3"]
[White "Nagy, Gabor"]
[Black "Jimenez Fraga, Pedro Alejandro"]
[Result "0-1"]
[WhiteElo "2482"]
[BlackElo "2477"]
[PlyCount "136"]
[EventDate "2022.11.09"]
[EventType "tourn"]
[EventRounds "9"]
[EventCountry "USA"]
[SourceTitle "CBM 211 Extra"]
[Source "ChessBase"]
[SourceDate "2023.01.31"]
[SourceVersion "1"]
[SourceVersionDate "2023.01.31"]
[SourceQuality "1"]

1. d4 Nf6 2. c4 d6 3. Nc3 e5 4. Nf3 Nbd7 5. g3 g6 6. Bg2 Bg7 7. 0-0 0-0 8. e3 Re8 9. b3 a6 10. a4 a5 11. Ba3 exd4 12. Nxd4 Nc5 13. Ra2 Bg4 14. Qb1 c6 15. h3 Bd7 16. Rd1 Qb6 17. Rad2 Bf8 18. Kh2 Rad8 19. Re2 Bc8 20. e4 Bg7 21. Bc1 Na6 22. Be3 Qc7 23. Qc1 Nd7 24. Bg5 f6 25. Bf4 Ne5 26. Be3 Nc5 27. Qc2 Nf7 28. f4 Rd7 29. Bg1 Rde7 30. Red2 Qb6 31. Kh1 f5 32. exf5 gxf5 33. Rb1 Re1 34. Re2 R1xe2 35. Ncxe2 Qd8 36. Nc3 Qf6 37. Rd1 h5 38. Nde2 h4 39. Bd4 Qh6 40. Bxg7 Qxg7 41. gxh4 Qh6 42. Rg1 Kf8 43. h5 Re3 44. Nd1 Rxb3 45. Ndc3 Qxh5 46. Kh2 Qh4 47. Rf1 Rb4 48. Nd1 Rxa4 49. Ne3 Qe7 50. Rf3 Rb4 51. Ng3 Qf6 52. Rf2 a4 53. Nh5 Qd4 54. Qe2 Qd3 55. Qf3 Ne4 56. Bf1 Qc3 57. Rc2 Rb2 58. Rxb2 Qxb2+ 59. Bg2 a3 60. Qd1 a2 61. Nc2 Qxc2 62. Qxc2 a1Q 63. Bxe4 fxe4 64. Qxe4 Qb2+ 65. Kg3 Qc3+ 66. Kf2 Qxh3 67. Qg6 Qg4 68. Qh7 Bf5 0-1

[Event "Capablanca Memorial op 53rd"]
[Site "Havana"]
[Date "2018.05.17"]
[Round "8"]
[White "Berdayes Ason, Dylan Isidro"]
[Black "Jimenez Fraga, Pedro Alejandro"]
[Result "1-0"]
[WhiteElo "2406"]
[BlackElo "2467"]
[PlyCount "77"]
[EventDate "2018.05.09"]
[EventType "swiss"]
[EventRounds "10"]
[EventCountry "CUB"]
[SourceTitle "EXT 2021"]
[Source "ChessBase"]
[SourceDate "2020.10.23"]
[SourceVersion "1"]
[SourceVersionDate "2020.10.23"]
[SourceQuality "1"]

1. e4 c5 2. Nf3 Nc6 3. Bb5 Qc7 4. 0-0 a6 5. Bxc6 Qxc6 6. Nc3 e6 7. d4 Qc7 8. Re1 cxd4 9. Nxd4 d6 10. Bf4 e5 11. Nd5 Qd8 12. Be3 exd4 13. Bxd4 Be6 14. Bb6 Qc8 15. Nc7+ Kd7 16. f4 Qxc7 17. Bxc7 Kxc7 18. c4 Rc8 19. Qd3 f6 20. b4 Nh6 21. a4 Kb8 22. Rec1 Nf7 23. a5 Be7 24. b5 Rc5 25. bxa6 bxa6 26. Qb3+ Kc8 27. f5 Bd7 28. Qb6 Rc6 29. Qa7 Kd8 30. Qa8+ Kc7 31. Qa7+ Kd8 32. Qa8+ Kc7 33. Qa7+ Kd8 34. Rab1 Bc8 35. Rb6 Rc7 36. Qa8 Kd7 37. c5 dxc5 38. Rd1+ Bd6 39. Rdxd6+ 1-0

[Event "Guillermo Garcia Memorial-B 26th"]
[Site "Santa Clara"]
[Date "2017.05.22"]
[Round "7"]
[White "Fernandez Guillen, Ernesto J"]
[Black "Jimenez Fraga, Pedro Alejandro"]
[Result "1-0"]
[WhiteElo "2424"]
[BlackElo "2432"]
[PlyCount "35"]
[EventDate "2017.05.16"]
[EventType "tourn"]
[EventRounds "9"]
[EventCountry "CUB"]
[EventCategory "4"]
[SourceTitle "CBM 178 Extra"]
[Source "ChessBase"]
[SourceDate "2017.06.22"]
[SourceVersion "1"]
[SourceVersionDate "2017.06.22"]
[SourceQuality "1"]

1. e4 e5 2. Nf3 Nc6 3. d4 exd4 4. Bc4 Nf6 5. 0-0 Bc5 6. e5 d5 7. exf6 dxc4 8. fxg7 Rg8 9. Re1+ Be6 10. Ng5 Kd7 11. Qh5 Bd6 12. Nxe6 fxe6 13. Bh6 Qf6 14. Nd2 Bf4 15. Ne4 Qxh6 16. Qf7+ Ne7 17. Nf6+ Kc6 18. Qxe6+ 1-0

[Event "Guillermo Garcia Memorial-B 26th"]
[Site "Santa Clara"]
[Date "2017.05.16"]
[Round "1"]
[White "Jimenez Fraga, Pedro Alejandro"]
[Black "Sandoval Mercado, Carlos"]
[Result "1-0"]
[WhiteElo "2432"]
[BlackElo "2118"]
[PlyCount "71"]
[EventDate "2017.05.16"]
[EventType "tourn"]
[EventRounds "9"]
[EventCountry "CUB"]
[EventCategory "4"]
[SourceTitle "CBM 178 Extra"]
[Source "ChessBase"]
[SourceDate "2017.06.22"]
[SourceVersion "1"]
[SourceVersionDate "2017.06.22"]
[SourceQuality "1"]

1. Nf3 d5 2. d4 Nf6 3. c4 e6 4. Nc3 Be7 5. Bg5 0-0 6. e3 Nbd7 7. Bd3 c6 8. 0-0 dxc4 9. Bxc4 Nd5 10. Bxe7 Qxe7 11. e4 Nxc3 12. bxc3 Rd8 13. Re1 b5 14. Bd3 Bb7 15. Qe2 a6 16. a4 Nb6 17. Bc2 Nxa4 18. Bxa4 bxa4 19. c4 Rdb8 20. c5 a5 21. Rxa4 Bc8 22. Qd2 Qc7 23. Ne5 Ra7 24. Nc4 Rb5 25. h3 Qd8 26. Nd6 e5 27. Rea1 Rb3 28. Rxa5 Rxa5 29. Rxa5 Rb1+ 30. Kh2 Be6 31. d5 Bd7 32. dxc6 Be6 33. Ra7 h6 34. c7 Qf8 35. c8Q Bxc8 36. Ra8 1-0

[Event "Capablanca Memorial op 50th"]
[Site "Havana"]
[Date "2015.06.17"]
[Round "3"]
[White "Fernandez Guillen, Ernesto J"]
[Black "Jimenez Fraga, Pedro Alejandro"]
[Result "0-1"]
[WhiteElo "2362"]
[BlackElo "2461"]
[PlyCount "73"]
[EventDate "2015.06.15"]
[EventType "swiss"]
[EventRounds "10"]
[EventCountry "CUB"]
[SourceTitle "EXT 2016"]
[Source "ChessBase"]
[SourceDate "2015.10.08"]
[SourceVersion "1"]
[SourceVersionDate "2015.10.08"]
[SourceQuality "1"]

1. e4 c5 2. Nf3 d6 3. d4 cxd4 4. Nxd4 Nf6 5. Nc3 e6 6. Bc4 Be7 7. Be3 0-0 8. Qe2 a6 9. Bb3 Nbd7 10. 0-0-0 Nc5 11. e5 Ne8 12. Rhe1 Qa5 13. Bf4 dxe5 14. Bxe5 Bd7 15. Kb1 Rc8 16. Bc4 Bf6 17. f4 Bxe5 18. fxe5 Qc7 19. Qh5 b5 20. Bd3 f5 21. Bxf5 g6 22. Bxg6 hxg6 23. Qxg6+ Ng7 24. Re3 Be8 25. Qg5 b4 26. Ne4 Nxe4 27. Rxe4 Rf5 28. Qg3 Rh5 29. Rf1 Kh7 30. Rh4 Bg6 31. Ka1 Rxh4 32. Qxh4+ Kg8 33. Qg5 Bf7 34. g4 Qc4 35. Rf4 Be8 36. c3 bxc3 37. Re4 0-1

[Event "Carlos Torre Memorial op 26th"]
[Site "Merida"]
[Date "2014.12.19"]
[Round "3"]
[White "Jimenez Fraga, Pedro Alejandro"]
[Black "Ortiz Suarez, Isan Reynaldo"]
[Result "0-1"]
[WhiteElo "2470"]
[BlackElo "2623"]
[PlyCount "92"]
[EventDate "2014.12.18"]
[EventType "swiss"]
[EventRounds "9"]
[EventCountry "MEX"]
[SourceTitle "CBM 164 Extra"]
[Source "ChessBase"]
[SourceDate "2015.03.02"]
[SourceVersion "1"]
[SourceVersionDate "2015.03.02"]
[SourceQuality "1"]

1. e4 c5 2. Nf3 d6 3. g3 g6 4. Bg2 Bg7 5. 0-0 Nc6 6. c3 e5 7. d3 Nge7 8. a3 0-0 9. b4 h6 10. Re1 b6 11. Bb2 Be6 12. Nbd2 Qd7 13. b5 Na5 14. a4 Rad8 15. c4 f5 16. exf5 Bxf5 17. Re3 Bg4 18. Qc2 Rf7 19. Rf1 Rdf8 20. Ne1 Be6 21. Re2 Bg4 22. Re3 Kh7 23. Nef3 Bh3 24. Rfe1 Bxg2 25. Kxg2 Nf5 26. Re4 Nb7 27. Qd1 Nd4 28. R1e3 Nd8 29. Bxd4 cxd4 30. Re2 Ne6 31. Ne1 Nc5 32. Rh4 g5 33. Rhe4 g4 34. Kg1 h5 35. h3 Bh6 36. hxg4 Bxd2 37. Qxd2 Nxe4 38. Rxe4 Rxf2 39. Qxf2 Rxf2 40. Kxf2 hxg4 41. Kg1 Qf5 42. Re2 Qg5 43. Kf1 Qc1 44. Re4 Qd1 45. Kf2 Kg6 46. Re2 Kf5 0-1

[Event "Capablanca Memorial op 49th"]
[Site "Havana"]
[Date "2014.05.11"]
[Round "4"]
[White "Ortega Amarelle, Mariano"]
[Black "Jimenez Fraga, Pedro Alejandro"]
[Result "1/2-1/2"]
[WhiteElo "2457"]
[BlackElo "2463"]
[PlyCount "122"]
[EventDate "2014.04.08"]
[EventType "swiss"]
[EventRounds "10"]
[EventCountry "CUB"]
[SourceTitle "CBM 160 Extra"]
[Source "ChessBase"]
[SourceDate "2014.07.01"]
[SourceVersion "1"]
[SourceVersionDate "2014.07.01"]
[SourceQuality "1"]

1. d4 Nf6 2. c4 g6 3. Nc3 Bg7 4. e4 d6 5. Nf3 0-0 6. h3 a6 7. Be3 c6 8. c5 Nbd7 9. Nd2 Ne8 10. Qc2 b5 11. cxb6 Nxb6 12. Bd3 a5 13. 0-0 Ba6 14. Bxa6 Rxa6 15. Rac1 Nc7 16. Na4 Nxa4 17. Qxa4 Qa8 18. Rc2 Rb8 19. a3 Ne6 20. Rfc1 c5 21. dxc5 Nxc5 22. Bxc5 dxc5 23. Rxc5 Bxb2 24. R1c2 Bf6 25. Qd7 Kg7 26. Rc8 Rab6 27. Qe8 Rb1+ 28. Kh2 Be5+ 29. g3 Rxc8 30. Rxc8 Qa7 31. Kg2 Rb8 32. Qg8+ Kf6 33. Rxb8 Qxb8 34. Qxh7 e6 35. Nf3 Bb2 36. a4 Ke7 37. Qh6 e5 38. Qd2 Qb6 39. Qd5 Kf6 40. h4 Qc7 41. Nd2 Qc2 42. Qxa5 Bc3 43. Qb6+ Kg7 44. Nf3 Qxe4 45. Qe3 Qc6 46. Kh2 Kg8 47. Nxe5 Bxe5 48. Qxe5 Qxa4 49. Qe3 Qd1 50. Kg2 Kg7 51. Qf3 Qe1 52. g4 Qe7 53. Kg3 Qd6+ 54. Qf4 Qd3+ 55. Kh2 Kg8 56. h5 gxh5 57. gxh5 Qd5 58. Qh6 Qf3 59. Qg5+ Kh7 60. Kg1 Qh3 61. Qd5 Kh6 1/2-1/2

[Event "Capablanca Memorial op-A 48th"]
[Site "Havana"]
[Date "2013.04.25"]
[Round "5"]
[White "Franco Alonso, Alejandro"]
[Black "Jimenez Fraga, Pedro Alejandro"]
[Result "1/2-1/2"]
[WhiteElo "2504"]
[BlackElo "2441"]
[PlyCount "59"]
[EventDate "2013.04.21"]
[EventType "swiss"]
[EventRounds "10"]
[EventCountry "CUB"]
[SourceTitle "CBM 154 Extra"]
[Source "ChessBase"]
[SourceDate "2013.06.25"]
[SourceVersion "2"]
[SourceVersionDate "2013.06.25"]
[SourceQuality "1"]

1. c4 e5 2. g3 g6 3. Bg2 Bg7 4. Nc3 Nf6 5. e4 0-0 6. Nge2 d6 7. d3 c6 8. 0-0 a6 9. h3 b5 10. cxb5 axb5 11. b4 Nh5 12. Bb2 Re8 13. Qd2 Ra7 14. g4 Nf6 15. f4 exf4 16. Nxf4 Nfd7 17. Nd1 Ne5 18. Ne3 Ba6 19. Rf2 Nbd7 20. d4 Nc4 21. Nxc4 bxc4 22. a4 Qb6 23. Re1 Bc8 24. a5 Qb5 25. Bc3 Ba6 26. Qe3 Rc7 27. Qf3 Nf6 28. Qg3 Rce7 29. Rfe2 Bb7 30. Kh1 1/2-1/2

[Event "Sabadell op-A 5th"]
[Site "Sabadell"]
[Date "2012.09.03"]
[Round "5"]
[White "Flores de Paco, David"]
[Black "Jimenez Fraga, Pedro Alejandro"]
[Result "0-1"]
[WhiteElo "2006"]
[BlackElo "2446"]
[PlyCount "126"]
[EventDate "2012.08.30"]
[EventType "swiss"]
[EventRounds "9"]
[EventCountry "ESP"]
[SourceTitle "CBM 150 Extra"]
[Source "ChessBase"]
[SourceDate "2012.10.19"]
[SourceVersion "1"]
[SourceVersionDate "2012.10.19"]
[SourceQuality "1"]

1. e4 c5 2. d4 cxd4 3. c3 Nf6 4. e5 Nd5 5. Qxd4 e6 6. Nf3 Nc6 7. Qe4 d6 8. Bb5 Bd7 9. c4 Nb6 10. exd6 Bxd6 11. 0-0 a6 12. Rd1 Qc7 13. Nc3 Ne7 14. Bxd7+ Nxd7 15. Qd3 Bb4 16. Bf4 Qc6 17. Ne4 0-0-0 18. Nd4 Qb6 19. c5 Bxc5 20. Rac1 e5 21. Nxc5 Nxc5 22. Bxe5 Nc6 23. Rxc5 Qxc5 24. Qf5+ Rd7 25. Qxd7+ Kxd7 26. Nb3+ Kc8 27. Nxc5 Nxe5 28. Rc1 Kb8 29. f4 Ng4 30. h3 Nf6 31. Rd1 Kc7 32. Kf2 Re8 33. g4 Kc6 34. Nd3 Ne4+ 35. Kf3 f6 36. Rc1+ Kb6 37. Rc2 Nd6 38. Nb4 Nb5 39. Rd2 Kc5 40. Nc2 Nd6 41. h4 a5 42. h5 Re7 43. b3 Nb5 44. Ne3 g6 45. Nd5 Re6 46. Ne3 Nd4+ 47. Kf2 Re4 48. Ng2 b5 49. hxg6 hxg6 50. Kg3 Re2 51. Rd3 Rxa2 52. Nh4 g5 53. fxg5 fxg5 54. Nf5 Ne2+ 55. Kf3 Rb2 56. Re3 Nd4+ 57. Kg3 Nxb3 58. Re5+ Kb6 59. Ne3 Nd2 60. Nd1 Nf1+ 61. Kf3 Rd2 62. Nf2 Nh2+ 63. Ke3 Rxf2 0-1

[Event "Sabadell op-A 5th"]
[Site "Sabadell"]
[Date "2012.09.01"]
[Round "3"]
[White "Burmakin, Vladimir"]
[Black "Jimenez Fraga, Pedro Alejandro"]
[Result "1/2-1/2"]
[WhiteElo "2608"]
[BlackElo "2446"]
[PlyCount "101"]
[EventDate "2012.08.30"]
[EventType "swiss"]
[EventRounds "9"]
[EventCountry "ESP"]
[SourceTitle "CBM 150 Extra"]
[Source "ChessBase"]
[SourceDate "2012.10.19"]
[SourceVersion "1"]
[SourceVersionDate "2012.10.19"]
[SourceQuality "1"]

1. Nf3 Nf6 2. g3 g6 3. b3 b6 4. Bg2 Bb7 5. Bb2 Bg7 6. c4 c5 7. 0-0 Nc6 8. d4 Nxd4 9. Nxd4 Bxg2 10. Kxg2 cxd4 11. Qxd4 0-0 12. Nc3 d6 13. Rfd1 Qd7 14. Rab1 Qb7+ 15. f3 Nd7 16. Qe3 Nf6 17. Nd5 Nxd5 18. cxd5 Rac8 19. Bxg7 Kxg7 20. Rbc1 Rxc1 21. Rxc1 Qxd5 22. Qxe7 Qd2 23. Rc7 Qxa2 24. Rxa7 Qxb3 25. Rd7 Qb5 26. Rxd6 Re8 27. Qf6+ Kg8 28. e4 Ra8 29. Rd5 Qb3 30. Rd7 b5 31. Re7 b4 32. e5 Qb2+ 33. Kh3 Rf8 34. Qf4 b3 35. e6 fxe6 36. Qh6 Qh8 37. Rb7 b2 38. f4 b1Q 39. Rxb1 Qg7 40. Qg5 Qf6 41. Qxf6 Rxf6 42. Rb6 h6 43. Kg4 Kg7 44. Ra6 Kf7 45. Ra7+ Kg8 46. Re7 Kf8 47. Rh7 Kg8 48. Ra7 Rf7 49. Ra6 Re7 50. h4 h5+ 51. Kf3 1/2-1/2

[Event "Badalona op-A 38th"]
[Site "Badalona"]
[Date "2012.08.05"]
[Round "5"]
[White "Rojas Keim, Luis Alberto"]
[Black "Jimenez Fraga, Pedro Alejandro"]
[Result "0-1"]
[WhiteElo "2426"]
[BlackElo "2446"]
[PlyCount "152"]
[EventDate "2012.08.01"]
[EventType "swiss"]
[EventRounds "9"]
[EventCountry "ESP"]
[SourceTitle "CBM 149 Extra"]
[Source "ChessBase"]
[SourceDate "2012.08.24"]
[SourceVersion "1"]
[SourceVersionDate "2012.08.24"]
[SourceQuality "1"]

1. d4 Nf6 2. Bg5 c5 3. Bxf6 gxf6 4. d5 Qb6 5. Qc1 f5 6. g3 Bh6 7. e3 Bg7 8. c3 d6 9. Nd2 Nd7 10. Nc4 Qc7 11. a4 b6 12. Qc2 Nf6 13. Rd1 Bd7 14. Bh3 Qc8 15. Nf3 Qa6 16. Nfd2 Bxa4 17. b3 Bd7 18. Bxf5 b5 19. Bxd7+ Nxd7 20. Nb2 Nb6 21. Ne4 b4 22. c4 Qa2 23. Rb1 a5 24. Kd2 a4 25. Nxa4 Qxc2+ 26. Kxc2 Nxa4 27. bxa4 Rxa4 28. g4 Kd7 29. Rb3 Ra2+ 30. Kd3 Rha8 31. Rd1 R2a3 32. Rdb1 Rxb3+ 33. Rxb3 Ra1 34. h4 Rd1+ 35. Ke2 Rc1 36. Kd3 e6 37. dxe6+ fxe6 38. f4 Rg1 39. f5 Rxg4 40. f6 Bf8 41. Rb1 d5 42. Nd2 Rg6 43. Rf1 Ke8 44. e4 Rg3+ 45. Ke2 Rg2+ 46. Kd3 Bh6 47. Nf3 dxe4+ 48. Kxe4 Re2+ 49. Kd3 Re3+ 50. Kc2 Kf7 51. Ng5+ Bxg5 52. hxg5 Rg3 53. Rh1 Rxg5 54. Rxh7+ Kxf6 55. Rc7 Re5 56. Kd3 Kg5 57. Rg7+ Kf4 58. Rf7+ Rf5 59. Re7 e5 60. Re6 Kf3 61. Re7 Rf4 62. Rxe5 Rd4+ 63. Kc2 Rxc4+ 64. Kb2 Kf4 65. Re8 Re4 66. Rc8 c4 67. Rb8 Re2+ 68. Kb1 Ke3 69. Rxb4 Kd3 70. Rb8 Re1+ 71. Ka2 c3 72. Rd8+ Kc2 73. Rh8 Kc1 74. Rh2 c2 75. Kb3 Re3+ 76. Ka2 Kd1 0-1

[Event "Badalona op-A 38th"]
[Site "Badalona"]
[Date "2012.08.04"]
[Round "4"]
[White "Jimenez Fraga, Pedro Alejandro"]
[Black "Laxman, Rajaram"]
[Result "1-0"]
[WhiteElo "2446"]
[BlackElo "2428"]
[PlyCount "125"]
[EventDate "2012.08.01"]
[EventType "swiss"]
[EventRounds "9"]
[EventCountry "ESP"]
[SourceTitle "CBM 149 Extra"]
[Source "ChessBase"]
[SourceDate "2012.08.24"]
[SourceVersion "1"]
[SourceVersionDate "2012.08.24"]
[SourceQuality "1"]

1. e4 e5 2. Nf3 Nc6 3. Bb5 a6 4. Ba4 Nf6 5. 0-0 Be7 6. Re1 b5 7. Bb3 0-0 8. c3 d6 9. a4 b4 10. d4 bxc3 11. dxe5 Nxe5 12. Nxe5 dxe5 13. bxc3 Qxd1 14. Bxd1 Rd8 15. Ba3 Kf8 16. Bxe7+ Kxe7 17. Na3 Be6 18. Be2 Nd7 19. a5 Nc5 20. Nc2 Rd6 21. Nb4 Rad8 22. f3 h5 23. f4 f6 24. fxe5 fxe5 25. Bxh5 Bc4 26. Re3 g6 27. Bg4 c6 28. Rae1 Nd3 29. Rb1 Nxb4 30. Rxb4 Bb5 31. Be2 Rd2 32. c4 R8d4 33. h4 Rc2 34. Kh2 Bxc4 35. Rb7+ Kf6 36. Bg4 Rd3 37. Re2 Rdd2 38. Rxd2 Rxd2 39. Rb6 Bf1 40. Rxc6+ Kf7 41. Bf3 Ra2 42. Kg3 Bb5 43. Rb6 Rxa5 44. Kg4 Be8 45. Kg5 Ke7 46. g4 Ra3 47. Be2 Re3 48. Bxa6 Rxe4 49. Bd3 Rf4 50. Bxg6 Bd7 51. Bf5 Bxf5 52. gxf5 Rf1 53. Rb7+ Kd6 54. Rb8 Ke7 55. f6+ Ke6 56. Re8+ Kd5 57. h5 e4 58. h6 Rg1+ 59. Kf5 Rf1+ 60. Kg6 Rg1+ 61. Kf7 Rh1 62. Kg7 Rg1+ 63. Kf8 1-0

[Event "Sitges op 38th"]
[Site "Sitges"]
[Date "2012.07.27"]
[Round "8"]
[White "Pakleza, Zbigniew"]
[Black "Jimenez Fraga, Pedro Alejandro"]
[Result "1/2-1/2"]
[WhiteElo "2468"]
[BlackElo "2446"]
[PlyCount "79"]
[EventDate "2012.07.20"]
[EventType "swiss"]
[EventRounds "9"]
[EventCountry "ESP"]
[SourceTitle "CBM 149 Extra"]
[Source "ChessBase"]
[SourceDate "2012.08.24"]
[SourceVersion "1"]
[SourceVersionDate "2012.08.24"]
[SourceQuality "1"]

1. d4 Nf6 2. Nf3 g6 3. Bf4 Bg7 4. e3 0-0 5. Be2 c5 6. c3 b6 7. 0-0 Bb7 8. Nbd2 d6 9. h3 Nbd7 10. a4 a6 11. Bg3 Ra7 12. Qb3 Qa8 13. Rfd1 Bc6 14. Ra3 Rc8 15. Bc4 Rf8 16. Re1 b5 17. axb5 axb5 18. Rxa7 Qxa7 19. Bf1 Qa8 20. Qc2 b4 21. cxb4 cxb4 22. Qb3 Rb8 23. Bc4 Bd5 24. e4 Bxc4 25. Qxc4 Nb6 26. Qxb4 Na4 27. Qa3 Nxb2 28. Qxa8 Rxa8 29. Rb1 Na4 30. Rb7 Nc3 31. e5 dxe5 32. dxe5 Nfd5 33. Bh4 Bf8 34. Nd4 h6 35. Bg3 Ra2 36. N2f3 Ne4 37. e6 Nxg3 38. fxg3 fxe6 39. Nxe6 Bg7 40. Nf4 1/2-1/2